Sekretárske práce pre 4. ročník stredných ekonomických škôl, študijný odbor organizácia administratívy /

Další autoři: Vlček, Čeněk
Jazyk: Čeština
Vydáno: Bratislava : Slovenské pedagogické nakladateľstvo, 1987
Vydání: 1. vyd.
Témata:
Fyzický popis: 203 s. + [1] vol. příl.
Knihy
Uloženo v:
LEADER 01034nam a22002532a 4500
001 000234915
003 CZ BrMZK
005 20181106085354.0
008 970107s1987 xo d p cze d
040 |a BOA001  |b cze 
072 7 |a 005.91/.92  |x Vedení úřadu (kanceláře). Spisová služba  |2 Konspekt  |9 4 
072 7 |a 37.016  |x Učební osnovy. Vyučovací předměty. Učebnice  |2 Konspekt  |9 22 
080 |a 005.91  |2 MRF 
080 |a (075.3)  |2 MRF 
245 0 0 |a Sekretárske práce pre 4. ročník stredných ekonomických škôl, študijný odbor organizácia administratívy /  |c Čeněk Vlček, ... 
250 |a 1. vyd. 
260 |a Bratislava :  |b Slovenské pedagogické nakladateľstvo,  |c 1987 
300 |a 203 s. +  |e [1] vol. příl. 
650 0 7 |a administrativa  |7 ph114001  |2 czenas 
655 7 |a učebnice středních škol  |7 fd133771  |2 czenas 
700 1 |a Vlček, Čeněk  |7 mzk2010474171 
910 |a BOA001  |b PK-0104.231 
990 |a BK 
996 7 |b 3119911733  |c PK-0104.231  |l MZK  |r Sklad / do 1 hodiny  |n 2  |w 000234915  |u 000010  |a 1  |e BOA001  |j MZK50  |s A